000
00230nam a22000857a 4500
008
160914b xxu||||| |||| 00| 0 eng d
100
_9
481
_a
Verma.S
245
_a
CCE Mathematics-T-II, 9
260
_a
New Delhi
_b
S. Chand Publications
_c
2012
999
_c
3138
_d
3138